000 00336nam a22001457a 4500
008 210521b ||||| |||| 00| 0 eng d
020 _a9781284053302
041 _aeng
080 _23rd
_a610.73
082 _a610.73
100 _a2
101 _aINF
245 _aEvidence-Based Practice for Nurses
_cSchmidt,N.A
942 _2udc
_cBK
999 _c57596
_d57596